000 00480nam a22001457a 4500
008 161201b xxu||||| |||| 00| 0 eng d
020 _a9780205375806
050 _aRC439
_b.R38 2003
100 _aRaulin, Michael L
245 _aAbnormal psychology /
_cMichael L. Raulin, in collaboration with Scott O. Lilienfeld and Edward S. Katkin
260 _aBoston :
_bAllyn and Bacon,
_cc2003
300 _a xxx, 539p.
_c29cm.
650 _aPsychology, Pathological
942 _2lcc
_cBK
999 _c47531
_d47531